000 00573cam a22002053a 4500
001 39703
003 PGUSA
005 20140828083901.0
008 120515s2012||||xxu|||||s|||||000 | eng d
040 _aPGUSA
_beng
042 _adc
245 1 4 _aThe First Boke of Moses called Genesis
_h[electronic resource]
260 _bProject Gutenberg,
_c2012
506 _aPublic domain in the USA.
516 _aElectronic text
700 1 _aTyndale, William,
_d1492-1536
830 0 _aProject Gutenberg
_v39703
856 4 0 _uhttp://www.gutenberg.org/ebooks/39703
942 _cEB
999 _c268956
_d268956